| 000 | 00510cam a2200205ua 4500 | ||
|---|---|---|---|
| 020 |
_a0 85226 8513 _c65.00 |
||
| 041 |
_aeng _h |
||
| 082 |
_a671.2 _bTAY/FO |
||
| 100 | _aTaylor, Howard.F . | ||
| 245 |
_aFoundry engineering / _cF.Howard Taylor. _hTextual Documents |
||
| 250 |
_a1 / _b. |
||
| 260 |
_a : _bWiley Eastern Ltd , _c1993. |
||
| 300 | _a407 ; . | ||
| 365 | _a65.00 | ||
| 504 | _a | ||
| 700 | 1 | _aFlemings, Merton.C . | |
| 700 | 1 | _aWulff, John . | |
| 942 | _cBK | ||
| 999 |
_c2457 _d2457 |
||